| 000 | 00691cab a2200205 4500 | ||
|---|---|---|---|
| 001 | ABS43064 | ||
| 008 | 090401t1990 xxu||||| |||| 00| 0 eng d | ||
| 035 | _a(Sirsi) u40259 | ||
| 041 | _aeng | ||
| 100 | _aWebb, C. | ||
| 245 | _aCornish challenge | ||
| 260 | _c1990 | ||
| 350 | _a0 | ||
| 490 |
_aSurveyor _v174 (5104) 19 July 1990, 16-17 (2) |
||
| 520 | _aCornwall County Council `s design and supervision team and its advanced Interactive Moss CAD system has developed a reputation as one of the country`s leading CAD designers of roads . | ||
| 650 | _aECONOMIC DEVELOPMENT | ||
| 690 | _aMANAGEMENT-BUSINESS MANAGEMENT-INFORMATION MANAGEMENT | ||
| 942 | _n0 | ||
| 948 | _c04/03/1997 | ||
| 999 |
_c25791 _d25791 |
||